00892nab a22002057a 4500003000400000005001700004008004100021040000700062100002200069245014200091260007200233300001100305500003900316505008900355650002000444650001300464650002800477650004300505773013800548OSt20260114152625.0190605e xxu||||| |||| 00| 0 spa d cPJ aCordero, Julio G.13aLa salud y la seguridad en el trabajo como derechos fundamentales. 110.a Conferencia Internacional del Trabajo (OIT) /cJulio G. Cordero. aCiudad Autónoma de Buenos Aires :bThomson Reuters La Ley,c2022. ap. 5-6 aCita: TR LALEY AR/DOC/2433/2022.  t¿Te interesa el texto completo? Solicitalo al correo: koha@justierradelfuego.gov.ar 0aDERECHO LABORAL 0aPANDEMIA 0aDERECHOS DEL TRABAJADOR 0aORGANIZACION INTERNACIONAL DEL TRABAJO0 02711dCiudad Autónoma de Buenos Aires : Thomson Reuters La Ley, 1999-2002.tRevista de derecho del trabajo. Nº 5 - Septiembre 2022